[Event "Madrid ch 2018 - semifinal"]
[Site "Madrid ESP"]
[Date "2018.05.08"]
[Round "4.2"]
[White "Martinez Fernandez, Raul"]
[Black "Torres Boch, Jose Francisco"]
[Result "1-0"]
[WhiteElo "2176"]
[BlackElo "2137"]
[PlyCount "105"]
[EventDate "2018.05.05"]
[EventType "swiss"]
[EventRounds "9"]
[EventCountry "ESP"]
[SourceTitle "Ajedrez en Madrid"]
[Source "lmi"]
[SourceDate "2018.05.05"]
[SourceVersion "1"]
[SourceVersionDate "2019.03.14"]
[SourceQuality "1"]

1. e4 g6 2. d4 Bg7 3. Nf3 d6 4. Nc3 c6 5. Be3 Nd7 6. Qd2 b5 7. Bd3 a6 8. O-O e5
9. dxe5 dxe5 10. Rad1 Ngf6 11. h3 O-O 12. Ne2 Qc7 13. Ng3 Re8 14. c4 Bb7 15.
Qc1 Rac8 16. c5 a5 17. a3 a4 18. Bb1 Nf8 19. Ba2 Ne6 20. Ng5 Nxg5 21. Bxg5 Rcd8
22. Rxd8 Rxd8 23. f4 Rd3 24. fxe5 Qxe5 25. Qf4 Qxf4 26. Rxf4 Nd5 27. exd5 cxd5
28. Ne2 Bxb2 29. Rb4 f6 30. Rxb2 fxg5 31. Rxb5 Rxa3 32. Nc1 Rc3 33. Rxb7 Rxc1+
34. Kh2 Rxc5 35. Ra7 Rb5 36. Rxa4 Kg7 37. Rd4 h5 38. Bxd5 Rb6 39. Rc4 Kh6 40.
Rc6 Rxc6 41. Bxc6 Kg7 42. Kg3 Kf6 43. Be4 Kf7 44. Kf3 Kf6 45. g4 Kg7 46. Ke3
Kf6 47. Kd4 Kg7 48. Ke5 Kf7 49. Bd5+ Kg7 50. Ke6 Kh7 51. Kf6 Kh6 52. Be4 h4 53.
Bd3 1-0

[Event "Madrid ch 2018 - semifinal"]
[Site "Madrid ESP"]
[Date "2018.05.08"]
[Round "4.3"]
[White "De La Fuente Gonzalez, Francisco"]
[Black "Cabañas Bravo, Juan Andres"]
[Result "1-0"]
[WhiteElo "2213"]
[BlackElo "1936"]
[PlyCount "38"]
[EventDate "2018.05.05"]
[EventType "swiss"]
[EventRounds "9"]
[EventCountry "ESP"]
[SourceTitle "Ajedrez en Madrid"]
[Source "lmi"]
[SourceDate "2018.05.05"]
[SourceVersion "1"]
[SourceVersionDate "2019.03.14"]
[SourceQuality "1"]

1. c4 Nf6 2. Nc3 d5 3. cxd5 Nxd5 4. Nf3 g6 5. e4 Nxc3 6. dxc3 Qxd1+ 7. Kxd1 Bg7
8. Bf4 c6 9. Bc4 O-O 10. Kc2 Nd7 11. Rad1 Nc5 12. Rhe1 Be6 13. Bxe6 Nxe6 14.
Be3 Rfd8 15. Rxd8+ Rxd8 16. Bxa7 Ra8 17. Be3 Rxa2 18. Rd1 Kf8 19. Ng5 Nxg5 1-0

[Event "Madrid ch 2018 - semifinal"]
[Site "Madrid ESP"]
[Date "2018.05.08"]
[Round "4.4"]
[White "Cuellar Gutierrez, Raul"]
[Black "Nuñez Muñoz, Jesus"]
[Result "0-1"]
[WhiteElo "1922"]
[BlackElo "2193"]
[PlyCount "71"]
[EventDate "2018.05.05"]
[EventType "swiss"]
[EventRounds "9"]
[EventCountry "ESP"]
[SourceTitle "Ajedrez en Madrid"]
[Source "lmi"]
[SourceDate "2018.05.05"]
[SourceVersion "1"]
[SourceVersionDate "2019.03.14"]
[SourceQuality "1"]

1. d4 Nf6 2. c4 e6 3. Nf3 b6 4. g3 Ba6 5. Qa4 Bb7 6. Bg2 c5 7. O-O Be7 8. Nc3
O-O 9. d5 exd5 10. Nh4 Bc6 11. Qb3 dxc4 12. Qxc4 Bxg2 13. Kxg2 d5 14. Qd3 d4
15. Qf3 Nbd7 16. Ne4 Nxe4 17. Qxe4 Bxh4 18. gxh4 Nf6 19. Qf4 Qd5+ 20. f3 Rfe8
21. Rf2 Re6 22. Qg5 Rae8 23. Qxd5 Nxd5 24. Kf1 f5 25. Bd2 Kf7 26. Rb1 f4 27. b4
c4 28. a4 c3 29. Bc1 Rc8 30. Rg2 Rg6 31. Rg4 Rc4 32. h3 h5 33. Rg5 Rxg5 34.
hxg5 h4 35. Ke1 Kg6 36. Kf2 0-1

[Event "Madrid ch 2018 - semifinal"]
[Site "Madrid ESP"]
[Date "2018.05.08"]
[Round "4.5"]
[White "Lopez De Turiso, Jose Angel"]
[Black "Lin, Yingrui"]
[Result "0-1"]
[WhiteElo "2022"]
[BlackElo "2188"]
[PlyCount "150"]
[EventDate "2018.05.05"]
[EventType "swiss"]
[EventRounds "9"]
[EventCountry "ESP"]
[SourceTitle "Ajedrez en Madrid"]
[Source "lmi"]
[SourceDate "2018.05.05"]
[SourceVersion "1"]
[SourceVersionDate "2019.03.14"]
[SourceQuality "1"]

1. d4 Nf6 2. c4 e6 3. Nc3 Bb4 4. f3 d5 5. a3 Bxc3+ 6. bxc3 O-O 7. Bg5 c5 8. e3
Nbd7 9. cxd5 Qa5 10. Qd2 exd5 11. Bd3 b6 12. Ne2 Ba6 13. Bxa6 Qxa6 14. O-O Rac8
15. Bxf6 Nxf6 16. Ng3 Qa5 17. Rf2 cxd4 18. cxd4 Qxd2 19. Rxd2 Rc3 20. Kf2 h5
21. Ne2 Rb3 22. Nc1 Rc3 23. Ne2 Rc4 24. h4 Rfc8 25. Raa2 g6 26. Rdb2 Kf8 27.
Ke1 Ke7 28. Kd2 Kd6 29. Kd3 Ng8 30. Rb5 Ne7 31. e4 R8c6 32. Rab2 Ra4 33. R2b3
Rcc4 34. Ke3 Rc6 35. Kd3 f5 36. e5+ Kc7 37. Nf4 Rac4 38. Ne2 a6 39. R5b4 b5 40.
Nc3 a5 41. Rxb5 a4 42. Rb7+ Kd8 43. Rb8+ Nc8 44. Nxa4 Rxa4 45. R3b5 Rxa3+ 46.
Kd2 Ra7 47. Rxd5+ Rd7 48. Rxd7+ Kxd7 49. Kd3 Ke6 50. Rb7 Ne7 51. Rb8 Nd5 52. g3
Rc3+ 53. Ke2 Re3+ 54. Kf2 Rd3 55. Rd8 Rd2+ 56. Ke1 Rxd4 57. Rd6+ Kxe5 58. Rxg6
Nf6 59. Ke2 Rd6 60. Rg7 Rd7 61. Rg6 Re7 62. Kf2 Rc7 63. Ke3 Ke6 64. Kf4 Rf7 65.
Kg5 Ke5 66. f4+ Ke6 67. Kh6 Rf8 68. Kg5 Rf7 69. Kh6 Ke7 70. Kg5 Ne4+ 71. Kh6
Rf6 72. Kxh5 Kf7 73. Rxf6+ Kxf6 74. Kh6 Nxg3 75. h5 Ne2 0-1

[Event "Madrid ch 2018 - semifinal"]
[Site "Madrid ESP"]
[Date "2018.05.08"]
[Round "4.6"]
[White "Aguilera Lopez, Alejandro"]
[Black "Paarup, Torsten"]
[Result "1/2-1/2"]
[WhiteElo "2098"]
[BlackElo "2007"]
[PlyCount "172"]
[EventDate "2018.05.05"]
[EventType "swiss"]
[EventRounds "9"]
[EventCountry "ESP"]
[SourceTitle "Ajedrez en Madrid"]
[Source "lmi"]
[SourceDate "2018.05.05"]
[SourceVersion "1"]
[SourceVersionDate "2019.03.14"]
[SourceQuality "1"]

1. d4 Nf6 2. Nf3 g6 3. Bg5 Bg7 4. Nbd2 d5 5. e3 O-O 6. Be2 c5 7. O-O Nc6 8. c3
cxd4 9. exd4 Bf5 10. Re1 Ne4 11. Nxe4 Bxe4 12. Nd2 Bf5 13. Bf3 Qd7 14. Nb3 b6
15. Qd2 Rfe8 16. h3 a5 17. Rad1 a4 18. Nc1 Na5 19. g4 Be6 20. Nd3 f6 21. Bf4
Bf7 22. Qc2 Rac8 23. Nb4 Nc4 24. Be2 e5 25. dxe5 fxe5 26. Bg3 d4 27. b3 axb3
28. axb3 Na5 29. c4 e4 30. Bf1 d3 31. Nxd3 exd3 32. Rxd3 Qc6 33. Red1 Qc5 34.
Bg2 Nc6 35. Qd2 Ne5 36. Rd6 Qa5 37. Qf4 Nxc4 38. bxc4 Be5 39. Qf3 Bxg3 40. fxg3
Re1+ 41. Rxe1 Qxe1+ 42. Kh2 Qe5 43. Rxb6 Rxc4 44. Rb7 Rc7 45. Rb8+ Kg7 46. Qa3
Re7 47. Qb2 Qxb2 48. Rxb2 g5 49. Kg1 h6 50. Kf2 Bc4 51. Bf3 Ra7 52. Be2 Rf7+
53. Kg2 Bxe2 54. Rxe2 Ra7 55. Kf3 Rf7+ 56. Kg2 Ra7 57. h4 gxh4 58. gxh4 Rb7 59.
Re3 Ra7 60. Kg3 Rf7 61. Ra3 Rb7 62. Ra5 Rb4 63. Re5 Ra4 64. Kf3 Rb4 65. Re4
Rb3+ 66. Kf4 Rb7 67. Rd4 Ra7 68. Ke5 Ra5+ 69. Rd5 Ra7 70. Ke6 Ra6+ 71. Kf5 Ra7
72. Re5 Rf7+ 73. Ke4 Ra7 74. Rd5 Ra4+ 75. Kf5 Ra7 76. Ke6 Ra6+ 77. Rd6 Ra4 78.
Rd7+ Kg8 79. Kf5 Ra5+ 80. Kg6 Ra6+ 81. Kh5 Rb6 82. Ra7 Rc6 83. Rb7 Ra6 84. g5
hxg5 85. hxg5 Rc6 86. g6 Rc1 1/2-1/2

[Event "Madrid ch 2018 - semifinal"]
[Site "Madrid ESP"]
[Date "2018.05.08"]
[Round "4.7"]
[White "Pindado Campos, Raul"]
[Black "Sanchez Garcia, Aurelio"]
[Result "1/2-1/2"]
[WhiteElo "2018"]
[BlackElo "2060"]
[PlyCount "115"]
[EventDate "2018.05.05"]
[EventType "swiss"]
[EventRounds "9"]
[EventCountry "ESP"]
[SourceTitle "Ajedrez en Madrid"]
[Source "lmi"]
[SourceDate "2018.05.05"]
[SourceVersion "1"]
[SourceVersionDate "2019.03.14"]
[SourceQuality "1"]

1. d4 g6 2. c4 Bg7 3. e4 c5 4. d5 d6 5. Nf3 e6 6. Nc3 a6 7. a4 Ne7 8. Be2 h6 9.
O-O Bxc3 10. bxc3 e5 11. Nd2 g5 12. Re1 Ng6 13. Nf1 Nd7 14. Bg4 Nf6 15. Bxc8
Rxc8 16. Rb1 Rc7 17. Ng3 Nf4 18. Nf5 Rd7 19. Qb3 Ng6 20. Qb6 Nh4 21. Qxd8+ Kxd8
22. Nxh6 Rxh6 23. Bxg5 Nf3+ 24. gxf3 Rg6 25. h4 Kc7 26. Kf1 Nh5 27. Ke2 f6 28.
Be3 Rdg7 29. a5 Rg2 30. Kd3 Rg8 31. Rec1 R8g6 32. Kd2 R6g3 33. Rb6 Rg8 34. Rcb1
Rb8 35. Ke2 Ng3+ 36. Kd3 Nh5 37. R6b2 Rh2 38. Rg1 Rxh4 39. Rbb1 b6 40. axb6+
Rxb6 41. Rxb6 Kxb6 42. Kd2 a5 43. Bh6 Nf4 44. Bf8 Rh2 45. Rf1 Kc7 46. Be7 Rh3
47. Bxf6 Rxf3 48. Bh4 Nh3 49. Ra1 Rf4 50. Bg3 Rxe4 51. Rxa5 Rxc4 52. Ra7+ Kc8
53. Ra6 Kc7 54. Ra7+ Kc8 55. f3 Nf4 56. Ra6 Kc7 57. Ra7+ Kc8 58. Ra6 1/2-1/2

[Event "Madrid ch 2018 - semifinal"]
[Site "Madrid ESP"]
[Date "2018.05.08"]
[Round "4.8"]
[White "Santamaria Baeza, Adolfo"]
[Black "Rodrigo Yanguas, Maria"]
[Result "0-1"]
[WhiteElo "1901"]
[BlackElo "2054"]
[PlyCount "72"]
[EventDate "2018.05.05"]
[EventType "swiss"]
[EventRounds "9"]
[EventCountry "ESP"]
[SourceTitle "Ajedrez en Madrid"]
[Source "lmi"]
[SourceDate "2018.05.05"]
[SourceVersion "1"]
[SourceVersionDate "2019.03.14"]
[SourceQuality "1"]

1. e4 c5 2. Nf3 d6 3. d4 Nf6 4. Nc3 cxd4 5. Nxd4 g6 6. Bc4 Bg7 7. O-O O-O 8.
Bb3 Nc6 9. Nxc6 bxc6 10. Bg5 Nd7 11. Qc1 Nc5 12. Qe3 a5 13. Rfd1 a4 14. Bc4 Rb8
15. e5 Bxe5 16. Bh6 Bg7 17. Bxg7 Kxg7 18. Rd4 e5 19. Rd2 Qe7 20. f4 d5 21. Bxd5
cxd5 22. Nxd5 Qa7 23. Nf6 Rb7 24. fxe5 Ne6 25. Qxa7 Rxa7 26. Rd5 Rc7 27. c3 a3
28. bxa3 Rxc3 29. a4 Rc2 30. Rb5 Nf4 31. Rf1 Ne2+ 32. Kh1 Ba6 33. Nd7 Bxb5 34.
axb5 Rd8 35. e6 fxe6 36. Ne5 Rc1 0-1

[Event "Madrid ch 2018 - semifinal"]
[Site "Madrid ESP"]
[Date "2018.05.08"]
[Round "4.9"]
[White "Fernandez Aransay, Fernando"]
[Black "Andrade Sandoval, Jim Carlos"]
[Result "1-0"]
[WhiteElo "1871"]
[BlackElo "2032"]
[PlyCount "131"]
[EventDate "2018.05.05"]
[EventType "swiss"]
[EventRounds "9"]
[EventCountry "ESP"]
[SourceTitle "Ajedrez en Madrid"]
[Source "lmi"]
[SourceDate "2018.05.05"]
[SourceVersion "1"]
[SourceVersionDate "2019.03.14"]
[SourceQuality "1"]

1. e4 c5 2. Nf3 e6 3. d4 cxd4 4. Nxd4 a6 5. Bd3 Qc7 6. Nd2 Nf6 7. Qe2 d6 8. O-O
Be7 9. Kh1 Nc6 10. Nxc6 bxc6 11. b3 O-O 12. Bb2 Ne8 13. e5 f5 14. exd6 Bxd6 15.
Nf3 Nf6 16. Be5 Nd5 17. Bc4 Bxe5 18. Qxe5 Ra7 19. Rfe1 Rf6 20. Nd4 Rg6 21. Rad1
Qxe5 22. Rxe5 Rc7 23. Rde1 Kf7 24. a3 a5 25. Kg1 Bd7 26. Be2 Nf4 27. Bf3 c5 28.
Ne2 Nxe2+ 29. Bxe2 Rh6 30. Bc4 Rf6 31. f4 h6 32. h4 g6 33. Kf2 Ke7 34. g3 Bc8
35. R1e2 Rc6 36. Bb5 Rc7 37. Rd2 Bb7 38. Ke3 Be4 39. Bd3 Bxd3 40. Kxd3 Rd7+ 41.
Kc3 Rxd2 42. Kxd2 Kd6 43. Kc3 Rf8 44. Kc4 Rc8 45. Kb5 Rb8+ 46. Kxa5 Ra8+ 47.
Kb5 Rxa3 48. Rxc5 Ra1 49. Re5 Rd1 50. Re3 Rd4 51. c4 Re4 52. Rd3+ Kc7 53. c5 e5
54. fxe5 Rxe5 55. Rd6 g5 56. Rxh6 Re3 57. b4 Rxg3 58. hxg5 Rxg5 59. Rf6 Rh5 60.
Rf7+ Kd8 61. c6 Kc8 62. Ra7 f4+ 63. Kb6 f3 64. Ra2 Kd8 65. c7+ Kd7 66. Rd2+ 1-0

[Event "Madrid ch 2018 - semifinal"]
[Site "Madrid ESP"]
[Date "2018.05.08"]
[Round "4.10"]
[White "Carrasco Coquillat, Alvaro"]
[Black "Barragan Arriaza, Pablo"]
[Result "0-1"]
[WhiteElo "1869"]
[BlackElo "2030"]
[PlyCount "112"]
[EventDate "2018.05.05"]
[EventType "swiss"]
[EventRounds "9"]
[EventCountry "ESP"]
[SourceTitle "Ajedrez en Madrid"]
[Source "lmi"]
[SourceDate "2018.05.05"]
[SourceVersion "1"]
[SourceVersionDate "2019.03.14"]
[SourceQuality "1"]

1. d4 d5 2. c4 e6 3. Nf3 Nf6 4. Nc3 c6 5. e3 Nbd7 6. Bd3 dxc4 7. Bxc4 b5 8. Bd3
Bd6 9. e4 e5 10. dxe5 Nxe5 11. Nxe5 Bxe5 12. Ne2 O-O 13. Qc2 Bb7 14. f4 Bc7 15.
Ng3 g6 16. Bd2 Bb6 17. h3 a6 18. O-O-O c5 19. Bc3 Qe7 20. e5 Nd5 21. Bd2 c4 22.
Be4 Ne3 23. Bxe3 Bxe3+ 24. Kb1 Bxf4 25. Bxb7 Qxb7 26. Qc3 Qxg2 27. Rdg1 Qd5 28.
Nh5 Bxe5 29. Nf6+ Bxf6 30. Qxf6 Rfe8 31. h4 Re2 32. Rd1 Qe5 33. Qxe5 Rxe5 34.
Rd6 Kg7 35. Rf1 Ra7 36. Kc2 f5 37. h5 Kf7 38. h6 Re6 39. Rd8 Kf6 40. Rg1 Rf7
41. Kc3 f4 42. Rd5 Rfe7 43. Rf1 g5 44. Rg1 Re5 45. Rd6+ R7e6 46. Rd7 Kg6 47.
Rh1 Re7 48. Rd8 g4 49. Rg8+ Kf5 50. Rg7 f3 51. Rh5+ Kf4 52. Rxe5 Rxe5 53. Rxh7
Kg3 54. Rf7 f2 55. h7 Re8 56. Kd2 Kg2 0-1

[Event "Madrid ch 2018 - semifinal"]
[Site "Madrid ESP"]
[Date "2018.05.08"]
[Round "4.11"]
[White "Carrasco Coquillat, Jorge"]
[Black "Perez Diez, Victor"]
[Result "0-1"]
[WhiteElo "1840"]
[BlackElo "1964"]
[PlyCount "52"]
[EventDate "2018.05.05"]
[EventType "swiss"]
[EventRounds "9"]
[EventCountry "ESP"]
[SourceTitle "Ajedrez en Madrid"]
[Source "lmi"]
[SourceDate "2018.05.05"]
[SourceVersion "1"]
[SourceVersionDate "2019.03.14"]
[SourceQuality "1"]

1. c4 f5 2. b3 Nc6 3. Bb2 e5 4. Nc3 Nf6 5. e3 g6 6. d3 Bg7 7. Nge2 O-O 8. g3 d6
9. Bg2 Nh5 10. Qd2 f4 11. exf4 exf4 12. Bd5+ Kh8 13. Nxf4 Nxf4 14. gxf4 Qf6 15.
O-O-O Qxf4 16. Qxf4 Rxf4 17. Rde1 Ne5 18. Be4 Bf5 19. Ne2 Bxe4 20. Bxe5 Bxe5
21. dxe4 Rxf2 22. Rhf1 Raf8 23. Rxf2 Rxf2 24. Kd2 Rxh2 25. Rf1 Kg7 26. Kd3 h5
0-1

[Event "Madrid ch 2018 - semifinal"]
[Site "Madrid ESP"]
[Date "2018.05.08"]
[Round "4.12"]
[White "Vukotic Jovsic, Dragan"]
[Black "Rosa Ramirez, Victor Diego"]
[Result "0-1"]
[WhiteElo "1958"]
[BlackElo "1884"]
[PlyCount "48"]
[EventDate "2018.05.05"]
[EventType "swiss"]
[EventRounds "9"]
[EventCountry "ESP"]
[SourceTitle "Ajedrez en Madrid"]
[Source "lmi"]
[SourceDate "2018.05.05"]
[SourceVersion "1"]
[SourceVersionDate "2019.03.14"]
[SourceQuality "1"]

1. e4 e6 2. d4 d5 3. Nc3 Bb4 4. e5 c5 5. a3 cxd4 6. axb4 dxc3 7. bxc3 Qc7 8.
Qd4 Nc6 9. Bb5 Nge7 10. Nf3 Bd7 11. Bxc6 Nxc6 12. Qe3 Ne7 13. Rxa7 Rc8 14. Bb2
Bb5 15. Ra5 Bc4 16. Nd4 Qd7 17. Kd2 O-O 18. Re1 Rcd8 19. Ba3 b6 20. b5 bxa5 21.
Bxe7 Qxe7 22. Nc6 Qd7 23. Nxd8 Rxd8 24. b6 Qb5 0-1

[Event "Madrid ch 2018 - semifinal"]
[Site "Madrid ESP"]
[Date "2018.05.08"]
[Round "4.13"]
[White "Mkrtchyan, Levon"]
[Black "Marcos Herrero, Francisco"]
[Result "1/2-1/2"]
[WhiteElo "2141"]
[BlackElo "1896"]
[PlyCount "79"]
[EventDate "2018.05.05"]
[EventType "swiss"]
[EventRounds "9"]
[EventCountry "ESP"]
[SourceTitle "Ajedrez en Madrid"]
[Source "lmi"]
[SourceDate "2018.05.05"]
[SourceVersion "1"]
[SourceVersionDate "2019.03.14"]
[SourceQuality "1"]

1. e4 c5 2. Nf3 Nc6 3. d4 cxd4 4. Nxd4 g6 5. Nc3 Bg7 6. Be3 Nf6 7. Bc4 O-O 8.
Bb3 a5 9. a4 Ng4 10. Qxg4 Nxd4 11. Bxd4 Bxd4 12. O-O-O Bxc3 13. bxc3 d6 14. Qg3
Be6 15. f4 Bxb3 16. cxb3 b5 17. axb5 Qb6 18. c4 Rfc8 19. Kb2 a4 20. Qc3 axb3
21. Kxb3 Qf2 22. Ra1 Qxg2 23. Qe3 Rab8 24. Rhc1 Qxh2 25. Rh1 Rxb5+ 26. cxb5
Qc2+ 27. Kb4 Qc4+ 28. Ka3 Qxb5 29. Qb3 Ra8+ 30. Kb2 Qe2+ 31. Qc2 Rb8+ 32. Kc1
Qe3+ 33. Kd1 Qf3+ 34. Kd2 Qf2+ 35. Kd3 Qf3+ 36. Kd4 Rb4+ 37. Kd5 Rb5+ 38. Kd4
Rb4+ 39. Kd5 Rb5+ 40. Kd4 1/2-1/2

[Event "Madrid ch 2018 - semifinal"]
[Site "Madrid ESP"]
[Date "2018.05.08"]
[Round "4.14"]
[White "Martinez Aragon, Aitor"]
[Black "Gonzalez Rivera, Eduardo"]
[Result "1/2-1/2"]
[WhiteElo "1823"]
[BlackElo "2047"]
[PlyCount "69"]
[EventDate "2018.05.05"]
[EventType "swiss"]
[EventRounds "9"]
[EventCountry "ESP"]
[SourceTitle "Ajedrez en Madrid"]
[Source "lmi"]
[SourceDate "2018.05.05"]
[SourceVersion "1"]
[SourceVersionDate "2019.03.14"]
[SourceQuality "1"]

1. b3 e5 2. Bb2 Nc6 3. e3 Nf6 4. Bb5 d6 5. d4 exd4 6. exd4 a6 7. Be2 d5 8. Nf3
Bd6 9. O-O O-O 10. Nbd2 Ne7 11. c4 c6 12. Ne5 Nf5 13. Ndf3 Ne4 14. Nd2 Nxd2 15.
Qxd2 dxc4 16. Nxc4 Bc7 17. Rad1 Qh4 18. g3 Qh3 19. Ne5 Ne7 20. Ba3 Re8 21. Rfe1
Nd5 22. Bf1 Qh6 23. Qxh6 gxh6 24. Nc4 Bg4 25. Rc1 b5 26. Ne3 Nxe3 27. fxe3 Ba5
28. b4 Bb6 29. Bb2 Bf3 30. Bg2 Bxg2 31. Kxg2 Re6 32. Re2 Rae8 33. Rce1 Re4 34.
Kf3 f5 35. a3 1/2-1/2

[Event "Madrid ch 2018 - semifinal"]
[Site "Madrid ESP"]
[Date "2018.05.08"]
[Round "4.15"]
[White "Baeza Escudero, Javier"]
[Black "Cardena Contreras, Javier"]
[Result "1-0"]
[WhiteElo "1913"]
[BlackElo "1909"]
[PlyCount "123"]
[EventDate "2018.05.05"]
[EventType "swiss"]
[EventRounds "9"]
[EventCountry "ESP"]
[SourceTitle "Ajedrez en Madrid"]
[Source "lmi"]
[SourceDate "2018.05.05"]
[SourceVersion "1"]
[SourceVersionDate "2019.03.14"]
[SourceQuality "1"]

1. e4 c5 2. Nf3 e6 3. d4 cxd4 4. Nxd4 Nf6 5. Nc3 d6 6. g4 h6 7. h4 Nc6 8. Be3
h5 9. gxh5 Nxh5 10. Qd2 Be7 11. O-O-O a6 12. Nf3 Qa5 13. Kb1 b5 14. Nd4 Nxd4
15. Qxd4 b4 16. Ne2 Rb8 17. Qa7 Rb7 18. Qd4 Qc7 19. Ng3 e5 20. Qd2 Be6 21. Nf5
Qa5 22. b3 Bxf5 23. exf5 Nf6 24. Bg2 e4 25. f3 Qxf5 26. Rdf1 Qa5 27. fxe4 Rc7
28. Rf5 d5 29. exd5 Rd7 30. Bg5 Qb6 31. Re1 O-O 32. h5 Qd6 33. Bf4 Qc5 34. Be3
Qc3 35. Qxc3 bxc3 36. Bd4 Ng4 37. Bxc3 Bh4 38. Re4 Bf6 39. Bd2 Ne5 40. Rfxe5
Bxe5 41. Rxe5 Rfd8 42. c4 f6 43. Re6 a5 44. Bxa5 Ra8 45. b4 Kf7 46. c5 Rb7 47.
Kc2 Rh8 48. Bf3 g5 49. hxg6+ Kxg6 50. d6 Rh2+ 51. Kd3 Rh3 52. Ke2 Rh2+ 53. Ke3
Rh3 54. a3 Kf5 55. Re7 Rxe7+ 56. dxe7 Rh8 57. Bc6 Rh3+ 58. Kd4 Rh4+ 59. Kd5 Re4
60. Bd7+ Kf4 61. Bc7+ Kg5 62. Kxe4 1-0

[Event "Madrid ch 2018 - semifinal"]
[Site "Madrid ESP"]
[Date "2018.05.08"]
[Round "4.16"]
[White "Ruiz Quevedo, Andres"]
[Black "Camarero Izquierdo, Juan Carlos"]
[Result "1-0"]
[WhiteElo "1895"]
[BlackElo "1911"]
[PlyCount "45"]
[EventDate "2018.05.05"]
[EventType "swiss"]
[EventRounds "9"]
[EventCountry "ESP"]
[SourceTitle "Ajedrez en Madrid"]
[Source "lmi"]
[SourceDate "2018.05.05"]
[SourceVersion "1"]
[SourceVersionDate "2019.03.14"]
[SourceQuality "1"]

1. Nf3 d5 2. g3 Nc6 3. c4 d4 4. Bg2 e5 5. d3 Bb4+ 6. Bd2 Be7 7. O-O h5 8. b4
Bf6 9. b5 Nce7 10. Bb4 h4 11. Nbd2 hxg3 12. fxg3 Nf5 13. Ne4 Ne3 14. Qd2 Nxg2
15. Kxg2 Bh3+ 16. Kg1 Bxf1 17. Rxf1 Nh6 18. e3 Ng4 19. exd4 exd4 20. Nxf6+ gxf6
21. Qf4 f5 22. Re1+ Qe7 23. Rxe7+ 1-0

[Event "Madrid ch 2018 - semifinal"]
[Site "Madrid ESP"]
[Date "2018.05.08"]
[Round "4.17"]
[White "Perez Cameselle, Francisco"]
[Black "Fernandez Garcia, Ignacio"]
[Result "0-1"]
[WhiteElo "1795"]
[BlackElo "1804"]
[PlyCount "110"]
[EventDate "2018.05.05"]
[EventType "swiss"]
[EventRounds "9"]
[EventCountry "ESP"]
[SourceTitle "Ajedrez en Madrid"]
[Source "lmi"]
[SourceDate "2018.05.05"]
[SourceVersion "1"]
[SourceVersionDate "2019.03.14"]
[SourceQuality "1"]

1. e4 d6 2. d4 Nf6 3. Nc3 g6 4. Nf3 Bg7 5. Be2 c6 6. O-O O-O 7. Bf4 Qa5 8. Qd2
Re8 9. Rfe1 Nbd7 10. h3 e5 11. dxe5 dxe5 12. Bh2 Qc7 13. a4 Nc5 14. Bc4 Nh5 15.
Rad1 Be6 16. Bxe6 Nxe6 17. Qd6 Qxd6 18. Rxd6 Nd4 19. Rd7 b6 20. Nxe5 Nxc2 21.
Rc1 Bxe5 22. Bxe5 Rxe5 23. Rxc2 Nf6 24. Rc7 Nxe4 25. Nxe4 Rxe4 26. R7xc6 Rxa4
27. Rc7 Rb4 28. Rd2 a5 29. Rdd7 Rf8 30. Rd2 b5 31. Ra7 a4 32. Kf1 Kg7 33. Ke1
Re8+ 34. Kd1 Re5 35. Kc1 Re1+ 36. Kc2 Rc4+ 37. Kd3 Re5 38. Rb7 Rcc5 39. f4 Rf5
40. g3 g5 41. fxg5 Rxg5 42. g4 Rgd5+ 43. Ke3 Rxd2 44. Kxd2 h5 45. Ke3 Kg6 46.
Kf3 f6 47. gxh5+ Kxh5 48. Kg3 Rd5 49. Rh7+ Kg6 50. Rb7 Rd3+ 51. Kh4 Rb3 52. Kg4
Rxb2 53. h4 Rb4+ 54. Kg3 a3 55. Ra7 Ra4 0-1

[Event "Madrid ch 2018 - semifinal"]
[Site "Madrid ESP"]
[Date "2018.05.08"]
[Round "4.18"]
[White "Gortazar Rubial, Javier Maria"]
[Black "Spitzer Isbert, Ramon"]
[Result "0-1"]
[WhiteElo "1610"]
[BlackElo "2019"]
[PlyCount "76"]
[EventDate "2018.05.05"]
[EventType "swiss"]
[EventRounds "9"]
[EventCountry "ESP"]
[SourceTitle "Ajedrez en Madrid"]
[Source "lmi"]
[SourceDate "2018.05.05"]
[SourceVersion "1"]
[SourceVersionDate "2019.03.14"]
[SourceQuality "1"]

1. e4 Nf6 2. e5 Nd5 3. d4 d6 4. c4 Nb6 5. exd6 exd6 6. Nc3 Be7 7. Bd3 O-O 8.
Be3 Nc6 9. Nge2 Nb4 10. b3 Nxd3+ 11. Qxd3 a5 12. a4 Re8 13. O-O Bg4 14. Ng3 Bf8
15. Rae1 d5 16. c5 Nc8 17. Bf4 c6 18. Nd1 Bxd1 19. Qxd1 Ne7 20. Bd6 b6 21. Re2
bxc5 22. dxc5 Ng6 23. Rxe8 Qxe8 24. Nf5 Qd8 25. Bxf8 Qxf8 26. Nd6 Nf4 27. Qd2
Ne6 28. b4 axb4 29. Qxb4 Rb8 30. Qc3 Rd8 31. Nb7 d4 32. Qc4 Rd5 33. Rd1 Qb8 34.
Na5 Rxc5 35. Nxc6 Qc7 36. Ne7+ Qxe7 37. Qb4 Qc7 38. Rb1 Rc1+ 0-1

[Event "Madrid ch 2018 - semifinal"]
[Site "Madrid ESP"]
[Date "2018.05.08"]
[Round "4.19"]
[White "Vazquez Gonzalez, Jesus"]
[Black "Garcia Serrano, Jose Manuel"]
[Result "0-1"]
[WhiteElo "1977"]
[BlackElo "1961"]
[PlyCount "54"]
[EventDate "2018.05.05"]
[EventType "swiss"]
[EventRounds "9"]
[EventCountry "ESP"]
[SourceTitle "Ajedrez en Madrid"]
[Source "lmi"]
[SourceDate "2018.05.05"]
[SourceVersion "1"]
[SourceVersionDate "2019.03.14"]
[SourceQuality "1"]

1. b3 e5 2. Bb2 Nc6 3. e3 d5 4. Bb5 f6 5. Ne2 a6 6. Bxc6+ bxc6 7. d4 Bd6 8. O-O
Nh6 9. c4 e4 10. Nbc3 f5 11. g3 Be6 12. cxd5 cxd5 13. Nf4 Bxf4 14. exf4 Ng4 15.
h3 Nf6 16. Na4 O-O 17. Rc1 Bd7 18. Nc5 Bc8 19. Qc2 Qe8 20. Na4 Qh5 21. Kh2 Bd7
22. Qxc7 Bb5 23. Rfe1 Ng4+ 24. Kg2 Nxf2 25. Re3 Qxh3+ 26. Kxf2 Qh2+ 27. Ke1
Qg1+ 0-1

[Event "Madrid ch 2018 - semifinal"]
[Site "Madrid ESP"]
[Date "2018.05.08"]
[Round "4.20"]
[White "Anton Quevedo, Andrea"]
[Black "Alvarez Abejon, Amilcar"]
[Result "0-1"]
[WhiteElo "1943"]
[BlackElo "1951"]
[PlyCount "102"]
[EventDate "2018.05.05"]
[EventType "swiss"]
[EventRounds "9"]
[EventCountry "ESP"]
[SourceTitle "Ajedrez en Madrid"]
[Source "lmi"]
[SourceDate "2018.05.05"]
[SourceVersion "1"]
[SourceVersionDate "2019.03.14"]
[SourceQuality "1"]

1. e4 e6 2. d4 d5 3. Bd3 c5 4. exd5 exd5 5. Nf3 Bd6 6. O-O Ne7 7. Nc3 cxd4 8.
Nxd4 Nbc6 9. Be3 O-O 10. Nxc6 bxc6 11. Qf3 Ng6 12. Qh5 Re8 13. Bg5 Qb6 14. Rfe1
Bd7 15. Bd2 Qxb2 16. Rab1 Qa3 17. Rb3 Rxe1+ 18. Bxe1 Qc1 19. Rb1 Qf4 20. g3 Qe5
21. Qf3 Rc8 22. Bd2 Bh3 23. Ne2 Nh4 24. Qe3 Qxe3 25. Bxe3 Nf3+ 26. Kh1 c5 27.
Bf4 Bf8 28. Bb5 Rd8 29. Bc6 g5 30. Rb8 Rxb8 31. Bxb8 Be6 32. Bxa7 Ne5 33. Bb7
d4 34. f4 gxf4 35. Nxf4 Bxa2 36. Kg2 Bb1 37. Be4 Nc4 38. Nd5 Na3 39. Nf6+ Kg7
40. Nd7 Bxc2 41. Bxc2 Nxc2 42. Nxf8 Kxf8 43. Bxc5+ Ke8 44. Kf2 Kd7 45. Ke2 Kc6
46. Bf8 Kd5 47. h4 Ke4 48. h5 Ne3 49. Bd6 d3+ 50. Ke1 d2+ 51. Kxd2 Nc4+ 0-1